书目信息 |
| 题名: |
《新中华报》的抗战动员
|
|
| 作者: | 张晓曦 著 | |
| 分册: | ||
| 出版信息: | 太原 山西经济出版社 2021.06 |
|
| 页数: | 230页 | |
| 开本: | 24cm | |
| 丛书名: | ||
| 单 册: | ||
| 中图分类: | D231 , G219.296 | |
| 科图分类: | ||
| 主题词: | ||
| 电子资源: | ||
| ISBN: | 978-7-5577-0884-9 | |
| 000 | 01337nam0 2200289 450 | |
| 001 | CAL 0120192748478 | |
| 005 | 20230217093111.0 | |
| 010 | @a978-7-5577-0884-9@dCNY58.00 | |
| 100 | @a20211104d2021 em y0chiy0120 ea | |
| 101 | 0 | @achi |
| 102 | @aCN@b140000 | |
| 105 | @ay a 000yy | |
| 106 | @ar | |
| 200 | 1 | @a《新中华报》的抗战动员@A《 xin zhong hua bao 》de kang zhan dong yuan@f张晓曦著 |
| 210 | @a太原@c山西经济出版社@d2021.06 | |
| 215 | @a230页@d24cm | |
| 314 | @a张晓曦, 法学博士, 中共珠海市委党校/珠海市行政学院讲师, 中国辩证唯物主义研究会理事。主要研究方向为中国共产党党史、马克思主义中国化理论。主持多项省部级、地厅级项目, 发表《〈新中华报〉中的漫画与抗战动员》《论抗战时期陕甘宁边区的社会教育》《马克思主义传入中国之日本渠道》等学术论文十余篇。 | |
| 320 | @a有书目 (第215-230页) | |
| 330 | @a本书内容包括: 选题依据与研究意义 ; 抗战动员的概念界定及相关概念辨析 ; 《新中华报》概况 ; 国内外研究综述 ; 《新中华报》开展抗战运动员的背景分析 ; 用《新中华报》开展抗战动员的必要性等。 | |
| 601 | 02 | @a中国共产党@Azhong guo gong chan dang@x抗日战争@x政治动员@x党史@x研究 |
| 605 | @a新中华报@Axin zhong hua bao@x研究 | |
| 690 | @aD231@v5 | |
| 690 | @aG219.296@v5 | |
| 701 | 0 | @a张晓曦@Azhang xiao xi@4著 |
| 801 | 0 | @aCN@bBJXHZP@c20230228 |
| 905 | @b1387880-4@dD231@e256@f5 | |
| 998 | @ebm_admin-2022.01.21 13:38:08 | |
| 《新中华报》的抗战动员/张晓曦著.-太原:山西经济出版社,2021.06 |
| 230页;24cm |
| ISBN 978-7-5577-0884-9:CNY58.00 |
| 本书内容包括: 选题依据与研究意义 ; 抗战动员的概念界定及相关概念辨析 ; 《新中华报》概况 ; 国内外研究综述 ; 《新中华报》开展抗战运动员的背景分析 ; 用《新中华报》开展抗战动员的必要性等。 |
| ● |
| 相关链接 |
|
|
|
|
正题名:《新中华报》的抗战动员
索取号:D231/256
 
预约/预借
| 序号 | 登录号 | 条形码 | 馆藏地/架位号 | 状态 | 备注 |
| 1 | 1387880 | 213878801 | 第一样本阅览室/ [索取号:D231/256] | 在馆 | |
| 2 | 1387881 | 213878810 | 第一借阅区/ [索取号:D231/256] | 在馆 | |
| 3 | 1387882 | 213878829 | 第一借阅区/ [索取号:D231/256] | 在馆 | |
| 4 | 1387883 | 213878838 | 第一借阅区/ [索取号:D231/256] | 在馆 | |
| 5 | 1387884 | 213878847 | 第一借阅区/ [索取号:D231/256] | 在馆 |